[Event "ESP-chT CECLUB Div2"]
[Site "Linares"]
[Date "2019.08.22"]
[Round "5.8"]
[White "Perdigones Gomez, Mercedes"]
[Black "Lorenzo Serrano, Henar"]
[Result "0-1"]
[WhiteElo "1317"]
[BlackElo "1719"]
[PlyCount "60"]
[EventDate "2019.08.19"]
[EventType "team-swiss"]
[EventRounds "7"]
[EventCountry "ESP"]
[SourceTitle "EXT 2020"]
[Source "ChessBase"]
[SourceDate "2019.10.17"]
[SourceVersion "1"]
[SourceVersionDate "2019.10.17"]
[SourceQuality "1"]
[WhiteTeam "Ciudad de Huelva"]
[BlackTeam "Pola Paz Estratexia"]
[WhiteTeamCountry "ESP"]
[BlackTeamCountry "ESP"]

1. e4 d5 2. exd5 Nf6 3. Nf3 Qxd5 4. Nc3 Qa5 5. g3 Bg4 6. Bg2 Nc6 7. h3 Bh5 8. a3 0-0-0 9. b4 Nxb4 10. Rb1 Nbd5 11. Nxd5 Nxd5 12. Qe2 c6 13. Qe5 Bg6 14. Qb2 Qb6 15. Qa1 Qc5 16. Qb2 Nb6 17. d3 e5 18. 0-0 Bd6 19. Re1 Rhe8 20. Qb3 e4 21. d4 Qd5 22. Ng5 h6 23. c4 Qxc4 24. Nxe4 Bc7 25. Qxc4 Nxc4 26. Kf1 Rxd4 27. Rb4 Bxe4 28. Rxe4 Rexe4 29. Bxe4 Rxe4 30. Be3 Nxe3+ 0-1

[Event "ESP-ch (Women)"]
[Site "Linares"]
[Date "2017.08.26"]
[Round "8"]
[White "Perdigones Gomez, Mercedes"]
[Black "Roces Heres, Sara"]
[Result "1/2-1/2"]
[WhiteElo "1302"]
[BlackElo "1567"]
[PlyCount "80"]
[EventDate "2017.08.21"]
[EventType "swiss"]
[EventRounds "9"]
[EventCountry "ESP"]
[SourceTitle "CBM 180 Extra"]
[Source "ChessBase"]
[SourceDate "2017.10.06"]
[SourceVersion "1"]
[SourceVersionDate "2017.10.06"]
[SourceQuality "1"]

1. e4 e6 2. d4 d5 3. exd5 exd5 4. Bf4 Nf6 5. Nc3 c6 6. Qd2 Bf5 7. f3 Bd6 8. 0-0-0 Qc7 9. Nge2 Nbd7 10. Kb1 0-0-0 11. g4 Bg6 12. Bxd6 Qxd6 13. Nf4 Ne8 14. Nxg6 Qxg6 15. Na4 Qd6 16. Qa5 a6 17. Rd3 Qc7 18. Qc3 Nd6 19. Re3 Rhe8 20. Rxe8 Rxe8 21. b3 Nb5 22. Bxb5 axb5 23. Nc5 b6 24. Nxd7 Qxd7 25. Re1 Rxe1+ 26. Qxe1 Qe6 27. Qxe6+ fxe6 28. Kc1 c5 29. c3 h6 30. b4 Kd7 31. Kd2 Kd6 32. f4 cxd4 33. cxd4 Ke7 34. h4 Kf6 35. Ke3 g6 36. g5+ Kg7 37. Kf3 h5 38. Ke3 Kf7 39. Kd3 Ke7 40. Kc3 Kd6 1/2-1/2